Statistics for Taylor Swift Songs - Tile Select #1

Click here to take the quiz!

General Stats

  • This quiz has been taken 29 times
  • The average score is 118 of 125

Answer Stats

QuestionTileSelect% Correct
Taylor Swift (2006)EnchantedNo
100%
Taylor Swift (2006)FfiteenNo
100%
Taylor Swift (2006)Forever and AlwaysNo
100%
Taylor Swift (2006)Holy GroundNo
100%
Taylor Swift (2006)I Wish You WouldNo
100%
Taylor Swift (2006)Last KissNo
100%
Taylor Swift (2006)Long LiveNo
100%
Taylor Swift (2006)Love StoryNo
100%
Taylor Swift (2006)White HorseNo
100%
Red (2012)22Yes
95%
Speak Now (2010)22No
95%
Taylor Swift (2006)22No
95%
Fearless (2008)22No
95%
1989 (2014)22No
95%
Speak Now (2010)All Too WellNo
95%
Red (2012)All Too WellYes
95%
1989 (2014)All Too WellNo
95%
Fearless (2008)All Too WellNo
95%
Taylor Swift (2006)All Too WellNo
95%
Taylor Swift (2006)Back to DecemberNo
95%
Fearless (2008)Back to DecemberNo
95%
Speak Now (2010)Back to DecemberYes
95%
1989 (2014)Back to DecemberNo
95%
Red (2012)Back to DecemberNo
95%
Red (2012)Bad BloodNo
95%
Fearless (2008)Bad BloodNo
95%
Taylor Swift (2006)Bad BloodNo
95%
Speak Now (2010)Bad BloodNo
95%
Fearless (2008)Blank SpaceNo
95%
Speak Now (2010)Blank SpaceNo
95%
Taylor Swift (2006)Blank SpaceNo
95%
Red (2012)Blank SpaceNo
95%
1989 (2014)Blank SpaceYes
95%
Red (2012)Dear JohnNo
95%
1989 (2014)Dear JohnNo
95%
Speak Now (2010)Dear JohnYes
95%
Taylor Swift (2006)Dear JohnNo
95%
Fearless (2008)Dear JohnNo
95%
Red (2012)EnchantedNo
95%
1989 (2014)EnchantedNo
95%
Speak Now (2010)EnchantedYes
95%
Fearless (2008)EnchantedNo
95%
Speak Now (2010)FfiteenNo
95%
Red (2012)FfiteenNo
95%
Fearless (2008)FfiteenYes
95%
1989 (2014)FfiteenNo
95%
1989 (2014)Forever and AlwaysNo
95%
1989 (2014)Holy GroundNo
95%
Speak Now (2010)Holy GroundNo
95%
Red (2012)I Wish You WouldNo
95%
Fearless (2008)I Wish You WouldNo
95%
Fearless (2008)Last KissNo
95%
1989 (2014)Last KissNo
95%
Red (2012)Last KissNo
95%
1989 (2014)Long LiveNo
95%
Red (2012)Long LiveNo
95%
Red (2012)Love StoryNo
95%
Speak Now (2010)Love StoryNo
95%
1989 (2014)Love StoryNo
95%
Fearless (2008)Love StoryYes
95%
1989 (2014)Mary's SongNo
95%
Speak Now (2010)Mary's SongNo
95%
Fearless (2008)Mary's SongNo
95%
Red (2012)Mary's SongNo
95%
Fearless (2008)Our SongNo
95%
1989 (2014)Our SongNo
95%
Taylor Swift (2006)Our SongYes
95%
Red (2012)Our SongNo
95%
1989 (2014)Picture to BurnNo
95%
Speak Now (2010)Picture to BurnNo
95%
Red (2012)Picture to BurnNo
95%
Taylor Swift (2006)Sad Beautiful TragicNo
95%
1989 (2014)Sad Beautiful TragicNo
95%
Fearless (2008)Sad Beautiful TragicNo
95%
Speak Now (2010)Sad Beautiful TragicNo
95%
Taylor Swift (2006)Shake It OffNo
95%
1989 (2014)Shake It OffYes
95%
Speak Now (2010)Shake It OffNo
95%
Fearless (2008)Shake It OffNo
95%
Red (2012)Shake It OffNo
95%
Fearless (2008)Teardrops On My GuitarNo
95%
Red (2012)Teardrops On My GuitarNo
95%
Taylor Swift (2006)Teardrops On My GuitarYes
95%
1989 (2014)Teardrops On My GuitarNo
95%
Speak Now (2010)Teardrops On My GuitarNo
95%
Fearless (2008)Tim McGrawNo
95%
Red (2012)Tim McGrawNo
95%
1989 (2014)Tim McGrawNo
95%
Speak Now (2010)Tim McGrawNo
95%
Taylor Swift (2006)We Are Never Ever Getting Back TogetherNo
95%
Red (2012)We Are Never Ever Getting Back TogetherYes
95%
Fearless (2008)We Are Never Ever Getting Back TogetherNo
95%
1989 (2014)We Are Never Ever Getting Back TogetherNo
95%
1989 (2014)White HorseNo
95%
Red (2012)White HorseNo
95%
Speak Now (2010)White HorseNo
95%
Fearless (2008)Wildest DreamsNo
95%
Speak Now (2010)Wildest DreamsNo
95%
1989 (2014)Wildest DreamsYes
95%
Red (2012)Wildest DreamsNo
95%
Taylor Swift (2006)Wildest DreamsNo
95%
Speak Now (2010)You Belong With MeNo
95%
1989 (2014)You Belong With MeNo
95%
Fearless (2008)You Belong With MeYes
95%
Taylor Swift (2006)You Belong With MeNo
95%
Red (2012)You Belong With MeNo
95%
Speak Now (2010)Forever and AlwaysNo
91%
Red (2012)Forever and AlwaysNo
91%
Fearless (2008)Holy GroundNo
91%
Speak Now (2010)I Wish You WouldNo
91%
Fearless (2008)Long LiveNo
91%
Speak Now (2010)Our SongNo
91%
Fearless (2008)Picture to BurnNo
91%
Speak Now (2010)We Are Never Ever Getting Back TogetherNo
91%
Fearless (2008)White HorseYes
91%
1989 (2014)Bad BloodYes
86%
Fearless (2008)Forever and AlwaysYes
86%
Red (2012)Holy GroundYes
86%
1989 (2014)I Wish You WouldYes
86%
Speak Now (2010)Last KissYes
86%
Speak Now (2010)Long LiveYes
86%
Taylor Swift (2006)Mary's SongYes
86%
Taylor Swift (2006)Tim McGrawYes
86%
Red (2012)Sad Beautiful TragicYes
77%
Taylor Swift (2006)Picture to BurnYes
73%

Score Distribution

Percentile by Number Answered

Percent of People with Each Score

Your Score History

You have not taken this quiz